000 00555nam a2200181Ia 4500
005 20250326141654.0
008 250326s9999 xx 000 0 und d
037 _aTextbook
040 _aFMSL
_beng
_cFMSL
041 _aeng
_2eng
084 _aT:5oa(S44) No
_qFMSL
100 _aQuasmi M H
_9744872
245 0 _aUnique quintessence of reasoning and aptitude tests
_cQuasmi M H; Sen S And Others
260 _aNew Delhi
_bNew Delhi, Unique Literary
_c1990
300 _a403p
942 _cTB
_hT:5oa(S44) No
999 _c1291422
_d1291422